00293nam a2200109Ia 4500008004100000041000800041082002100049100001800070245005600088260003000144300000900174230411s9999 xx 000 0 und d aeng aX/823/CAN/B07153 aCanfield Jack aChicken Soup for the Soul : Indian college students bWestlandaHyderabadc2011 a422p